000 01398pam a22004091i 4500
999 _c2672
_d2672
001 018768178
003 Uk
005 20241031143045.0
006 m || d |
007 cr |||||||||||
008 180215s2018 enk o 000|0|eng|d
020 _a9781510416543
037 _aHachetteUK605233
_bIngram Content Group
040 _aStDuBDS
_beng
_cStDuBDS
_dUk
_dKH8
_erda
_epn
042 _aukblsr
082 0 4 _a943.08 FEL
100 1 _aFellows, Nicholas,
_eauthor.
245 1 0 _aDemocracy and dictatorships in Germany, 1919-63 /
_cNicholas Fellows.
264 1 _aLondon :
_bHodder Education,
_c2018.
300 _a216 pages ;
_billustrations ;
_c8.62 x 0.24 x 10.87 inches.
336 _atext
_2rdacontent
337 _acomputer
_2rdamedia
338 _aonline resource
_2rdacarrier
490 0 _aOCR A level history
500 _aIncludes Index
521 2 _aA-level.
588 _aDescription based on CIP data; resource not viewed.
650 7 _aHISTORY / Modern / 20th Century
_2bisacsh
650 7 _aHISTORY / Europe / Germany
_2bisacsh
651 0 _aGermany
_xHistory
_y1918-1933
_xExaminations
_vStudy guides.
651 0 _aGermany
_xHistory
_y1933-1945
_xExaminations
_vStudy guides.
651 0 _aGermany
_xHistory
_y1945-1990
_xExaminations
_vStudy guides.
776 0 8 _iPrint version :
_z9781510416543
903 _aELD.DS.290509
942 _2ddc
_cTR